Formulation des composes silicones et fluores

में बचाया:
ग्रंथसूची विवरण
स्वरूप: पुस्तक
भाषा:Vietnamese
प्रकाशित: EDP Sciences 2004
टैग : टैग जोड़ें
कोई टैग नहीं, इस रिकॉर्ड को टैग करने वाले पहले व्यक्ति बनें!
Thư viện lưu trữ: Mạng thư viện Đại học Đà Nẵng
LEADER 00622nam a2200241 4500
001 000021806
003 18254
005 20150423100426.0
008 150423s2004 viesd
020 |c 00 
041 0 |a vie 
082 1 4 |a 546  |b Fo-C 
245 1 0 |a Formulation des composes silicones et fluores  |c coordonne par Pierre Lanteri et Claire Bordes 
260 |b EDP Sciences  |c 2004 
300 |a tr.  |c cm. 
OWN |a LSP 
999 |a From the UDN01 
TYP |a Monograph 
TYP |a Printed language 
980 |a Mạng thư viện Đại học Đà Nẵng